| Tag |
First Indicator |
Second Indicator |
Subfields |
| LEADER |
00000cam a22000008a 4500 |
| 001 |
in00004472980 |
| 005 |
20191202143237.0 |
| 008 |
890925s1990 enka b 00100 eng c |
| 010 |
|
|
|a 89020403
|
| 020 |
|
|
|a 0850664993 :
|c $55.00
|
| 035 |
|
|
|a (OCoLC)20490606
|
| 035 |
|
|
|9 AAE2475MS
|
| 035 |
|
|
|z (UtOrBLW)13572
|
| 035 |
|
|
|a 24156
|
| 040 |
|
|
|a DNLM/DLC
|c DLC
|d TMV
|d UtOrBLW
|
| 049 |
|
|
|a TMVM
|c 1
|
| 050 |
0 |
0 |
|a QR201.P27
|b P367 1989
|
| 060 |
|
0 |
|a WC 695 P2231
|
| 060 |
|
4 |
|a WC 695
|b P2231 1990
|
| 082 |
0 |
|
|a 599/.0233
|2 20
|
| 245 |
0 |
0 |
|a Parasites, immunity and pathology :
|b the consequences of parasitic infection in mammals /
|c edited by Jerzy M. Behnke.
|
| 264 |
|
1 |
|a London ;
|a New York :
|b Taylor & Francis,
|c 1990.
|
| 300 |
|
|
|a xvii, 437 pages :
|b illustrations ;
|c 25 cm.
|
| 336 |
|
|
|a text
|2 rdacontent
|b txt
|
| 337 |
|
|
|a unmediated
|2 rdamedia
|
| 338 |
|
|
|a volume
|2 rdacarrier
|b nc
|
| 504 |
|
|
|a Includes bibliographical references and index.
|
| 520 |
8 |
|
|a Animal information
|
| 650 |
|
2 |
|a Host-Parasite Interactions.
|
| 650 |
|
2 |
|a Parasites
|x immunology.
|
| 650 |
|
2 |
|a Parasitic Diseases
|x immunology.
|
| 650 |
|
2 |
|a Parasitic Diseases
|x pathology.
|
| 650 |
|
2 |
|a Mammals
|x parasitology.
|
| 700 |
1 |
|
|a Behnke, Jerzy M.
|
| 948 |
|
|
|a Keep per EC, 2003 evaluation; retention reasons in 505, 520, 599, or 650 fields; 11/17/2003, sg.
|
| 999 |
|
|
|a MARS
|
| 999 |
f |
f |
|s b080bc23-56c0-342c-85a8-9b7cd08fdd67
|i f9a29d0b-ad9a-313f-98a4-172eef241ec4
|t 0
|
| 952 |
f |
f |
|p ric
|a Texas A&M University
|b Rellis Campus
|c Joint Library Facility
|d Remote Storage
|t 0
|e WC 695 P2231 1990
|h National Library of Medicine classification
|i unmediated -- volume
|m 3238900960355
|
| 998 |
f |
f |
|a WC 695 P2231 1990
|t 0
|l Remote Storage
|